000 00708nam a2200181Ia 4500
008 191130s2008##################000#0#eng##
020 _a9789052014203
040 _aACL
_cACL
082 _a361.61094 BAR
100 _aBarbier, Jean-Claude
245 _aPolitiques sociales : enjeux méthodologiques et épistémologiques des comparaisons internationales = social policies : Epistemological and Methodological issues in cross-national comparison
_cJean-Claude Barbier; Marie-Thérèse Letablier
260 _aBern
_bPeter Lang
_c2008
300 _a295 p. ; 22 cm
650 _aSocial policy -- Research -- Methodology
990 _ab10b9046ac10000c58b65952149167a3
991 _a346901
999 _c39586
_d39586